Central Library OPAC University of Rajshahi

The romance of the Rubáiyát / (Record no. 21447)

MARC details
000 -LEADER
fixed length control field 00972nam a22002892a 4500
001 - CONTROL NUMBER
control field 21447
003 - CONTROL NUMBER IDENTIFIER
rucl marc code BD-RjUL
005 - DATE AND TIME OF LATEST TRANSACTION
control field 20211209000703.0
008 - FIXED-LENGTH DATA ELEMENTS--GENERAL INFORMATION
fixed length control field 140304s1959 enkcf b 001 0 eng d
035 ## - SYSTEM CONTROL NUMBER
System control number OCLC ocm01854757 from D960625M
-- (BD-RjUL)21511
040 ## - CATALOGING SOURCE
Original cataloging agency DLC
Transcribing agency MUB
Modifying agency OCL
-- XBM
-- UKM
-- BD-RjUL
Language of cataloging eng
041 ## - LANGUAGE CODE
Language code of text/sound track or separate title eng
082 ## - DEWEY DECIMAL CLASSIFICATION NUMBER
Classification number 891.551
Author mark and year ARR 1959
100 0# - MAIN ENTRY--PERSONAL NAME
Personal name Arberry, A . J.
9 (RLIN) 5438
245 14 - TITLE STATEMENT
Title The romance of the Rubáiyát /
Remainder of title Edward Fitzgerald's first edition reprinted with introduction and notes /
Statement of responsibility, etc. A.J. Arberry
260 ## - PUBLICATION, DISTRIBUTION, ETC. (IMPRINT)
Place of publication, distribution, etc. London :
Name of publisher, distributor, etc. G. Allen & Unwin,
Date of publication, distribution, etc. 1959.
300 ## - PHYSICAL DESCRIPTION
Pagination 243 p. :
Illustrations port., facsims. ;
Size 23 cm
500 ## - GENERAL NOTE
General note Includes index.
504 ## - BIBLIOGRAPHY, ETC. NOTE
Bibliography, etc Bibliography: p. 240-242.
650 ## - SUBJECT ADDED ENTRY--TOPICAL TERM
Topical term or geographic name as entry element Persian poetry
9 (RLIN) 66268
700 1# - ADDED ENTRY--PERSONAL NAME
Personal name FitzGerald, Edward,
Dates associated with a name 1809-1883.
Personal name Arberry, A. J.
Fuller form of name (Arthur John),
Dates associated with a name 1905-1969.
942 ## - ADDED ENTRY ELEMENTS (KOHA)
Source of classification or shelving scheme Dewey Decimal Classification
Koha item type Books
Holdings
Lost status Source of classification or shelving scheme Damaged status Not for loan Collection code Permanent Location Current Location Shelving location Date acquired Source of acquisition Cost, normal purchase price Total Checkouts Full call number Date last seen Date checked out Copy number Koha item type
  Dewey Decimal Classification     Fiction Central Library, University of Rajshahi Central Library, University of Rajshahi   22/08/1973 Nowroze Kitabistan 31.50 1 891.551 ARR 1959 15/03/2018 08/03/2018 C-3 Books